[Event "Benidorm op-A"]
[Site "Benidorm"]
[Date "2021.12.09"]
[Round "6"]
[White "Unciti Juan, Javier"]
[Black "Mannion, Stephen R"]
[Result "0-1"]
[WhiteElo "2025"]
[BlackElo "2267"]
[PlyCount "67"]
[EventDate "2021.12.04"]
[EventType "swiss"]
[EventRounds "9"]
[EventCountry "ESP"]
[SourceTitle "CBM 205 Extra"]
[Source "ChessBase"]
[SourceDate "2022.01.31"]
[SourceVersion "1"]
[SourceVersionDate "2022.01.31"]
[SourceQuality "1"]

1. d4 d5 2. Nf3 Nf6 3. c4 dxc4 4. Nc3 a6 5. a4 Nc6 6. e3 Bg4 7. Bxc4 e6 8. 0-0 Bd6 9. h3 Bh5 10. Be2 0-0 11. Kh1 Qe7 12. Ne5 Bxe2 13. Nxc6 Bxd1 14. Nxe7+ Bxe7 15. Rxd1 c5 16. dxc5 Bxc5 17. b3 Rac8 18. Bb2 Rc7 19. Rd3 Rfc8 20. Rad1 Kf8 21. Kg1 Ke8 22. g4 h6 23. Kg2 Bb4 24. Na2 Be7 25. Nc3 g6 26. Kf3 Rc6 27. e4 Nh7 28. Kg2 Bf6 29. Rc1 Be5 30. f4 Bxf4 31. Rf1 Be5 32. Rff3 Ng5 33. Rfe3 Nh7 34. Kf3 0-1

[Event "Collado Villalba op 38th"]
[Site "Collado Villalba"]
[Date "2021.08.29"]
[Round "9"]
[White "Serrano Ruiz, Lope"]
[Black "Unciti Juan, Javier"]
[Result "1-0"]
[WhiteElo "1928"]
[BlackElo "2052"]
[PlyCount "89"]
[EventDate "2021.08.21"]
[EventType "swiss"]
[EventRounds "9"]
[EventCountry "ESP"]
[SourceTitle "EXT 2022"]
[Source "ChessBase"]
[SourceDate "2021.10.06"]
[SourceVersion "1"]
[SourceVersionDate "2021.10.06"]
[SourceQuality "1"]

1. e4 e6 2. Nf3 d5 3. e5 b6 4. c3 c5 5. Bd3 Nh6 6. 0-0 Nf5 7. b4 Be7 8. a3 Nc6 9. Bc2 0-0 10. d4 a6 11. g4 Nh4 12. Nxh4 Bxh4 13. Qd3 g6 14. Bh6 Re8 15. f4 Be7 16. g5 Bf8 17. Bxf8 Kxf8 18. Nd2 cxd4 19. cxd4 Bd7 20. Nb3 h5 21. gxh6 Qh4 22. Rf3 Ne7 23. Rh3 Qxf4 24. Rf1 Qg5+ 25. Qg3 Qxg3+ 26. hxg3 Rac8 27. Bd3 Bb5 28. Bxb5 axb5 29. g4 Nc6 30. Rc3 Kg8 31. Rfc1 Ne7 32. Nd2 g5 33. Rxc8 Rxc8 34. Rxc8+ Nxc8 35. Nf3 Kh7 36. Nxg5+ Kxh6 37. Nxf7+ Kg6 38. Nd8 Kg5 39. Nxe6+ Kxg4 40. Nc7 Kf3 41. Nxb5 Ne7 42. a4 Nc6 43. e6 Ke4 44. a5 bxa5 45. bxa5 1-0

[Event "Madrid San Viator op-A 31st"]
[Site "Madrid"]
[Date "2019.09.29"]
[Round "3"]
[White "Unciti Juan, Javier"]
[Black "Rojo Jorge, Luis"]
[Result "1-0"]
[WhiteElo "1987"]
[BlackElo "1788"]
[PlyCount "85"]
[EventDate "2019.09.08"]
[EventType "swiss"]
[EventRounds "9"]
[EventCountry "ESP"]
[SourceTitle "EXT 2022"]
[Source "ChessBase"]
[SourceDate "2021.10.06"]
[SourceVersion "1"]
[SourceVersionDate "2021.10.06"]
[SourceQuality "1"]

1. d4 Nf6 2. c4 g6 3. Nc3 d5 4. Nf3 Bg7 5. Qa4+ Bd7 6. Qb3 dxc4 7. Qxc4 0-0 8. Bf4 c6 9. e4 Be6 10. Qd3 Qb6 11. Be2 Rd8 12. 0-0 Na6 13. a3 Rd7 14. b4 Qd8 15. Rfd1 Nc7 16. Na4 Nxe4 17. Qxe4 Nd5 18. Ne5 Bf5 19. Qf3 Bxe5 20. Bxe5 Bc2 21. Nc5 Bxd1 22. Rxd1 f6 23. Bg3 b5 24. h4 a5 25. h5 Rda7 26. hxg6 hxg6 27. Qg4 Kf7 28. Qe6+ Kg7 29. Qxc6 Kg8 30. Bxb5 Nc3 31. Bc4+ Kh8 32. Qe6 Qc8 33. Qe3 Ne2+ 34. Qxe2 axb4 35. axb4 Ra1 36. Qd2 g5 37. Qe2 Qe8 38. d5 Qf7 39. Ne6 R8a7 40. Nxg5 fxg5 41. Be5+ Kh7 42. Rxa1 Rxa1+ 43. Bxa1 1-0

[Event "Collado Villalba op-A 35th"]
[Site "Collado Villalba"]
[Date "2018.08.29"]
[Round "6"]
[White "Carrasco Coquillat, Alvaro"]
[Black "Unciti Juan, Javier"]
[Result "1-0"]
[WhiteElo "1865"]
[BlackElo "1999"]
[PlyCount "111"]
[EventDate "2018.08.24"]
[EventType "swiss"]
[EventRounds "9"]
[EventCountry "ESP"]
[SourceTitle "CBM 186 Extra"]
[Source "ChessBase"]
[SourceDate "2018.08.24"]
[SourceVersion "1"]
[SourceVersionDate "2018.08.24"]
[SourceQuality "1"]

1. d4 e6 2. c4 d5 3. Nc3 Nf6 4. Bg5 Be7 5. e3 h6 6. Bh4 0-0 7. Nf3 b6 8. cxd5 Nxd5 9. Nxd5 Bxh4 10. Nxc7 Bxf2+ 11. Kxf2 Qxc7 12. Be2 Bb7 13. Rc1 Qe7 14. Rc3 Nc6 15. Qa4 Rfc8 16. Rhc1 Qb4 17. Qxb4 Nxb4 18. Rxc8+ Rxc8 19. Rxc8+ Bxc8 20. a3 Nd5 21. Ne5 Bb7 22. Nc4 Ba6 23. Nxb6 Bxe2 24. Nxd5 Bc4 25. Nc3 Kf8 26. b4 Ke7 27. Kf3 Kd6 28. Kf4 f6 29. e4 h5 30. h4 Ke7 31. g3 Ba6 32. b5 Bc8 33. a4 Kd6 34. e5+ fxe5+ 35. dxe5+ Kc5 36. Kg5 Bd7 37. Kxh5 Be8+ 38. Kg5 Kd4 39. Na2 Kxe5 40. Nb4 Kd6 41. Kf4 Bg6 42. g4 e5+ 43. Ke3 Bf7 44. Nc6 Bb3 45. Nxa7 Bxa4 46. b6 Bd7 47. g5 g6 48. b7 Kc7 49. Nc8 Kxb7 50. Ne7 Kc7 51. Nxg6 Kd6 52. Ke4 Bc6+ 53. Kf5 Bd7+ 54. Kf6 e4 55. h5 e3 56. Nf4 1-0

[Event "Madrid San Viator op-A 30th"]
[Site "Madrid"]
[Date "2018.05.27"]
[Round "7"]
[White "Ramos del Campo, Alexander"]
[Black "Unciti Juan, Javier"]
[Result "0-1"]
[WhiteElo "2176"]
[BlackElo "1970"]
[PlyCount "64"]
[EventDate "2018.04.08"]
[EventType "swiss"]
[EventRounds "9"]
[EventCountry "ESP"]
[SourceTitle "EXT 2019"]
[Source "ChessBase"]
[SourceDate "2018.10.10"]
[SourceVersion "1"]
[SourceVersionDate "2018.10.10"]
[SourceQuality "1"]

1. e4 e6 2. d4 d5 3. Nc3 Bb4 4. e5 Ne7 5. a3 Bxc3+ 6. bxc3 c5 7. Qg4 Qc7 8. Bd3 cxd4 9. Ne2 dxc3 10. Qxg7 Rg8 11. Qxh7 Nbc6 12. Bf4 Bd7 13. Kf1 0-0-0 14. Qh3 d4 15. Qf3 Ng6 16. Bg3 Ncxe5 17. Qf6 Qc5 18. Bxg6 Nxg6 19. Qxd4 Qxd4 20. Nxd4 e5 21. Nf3 Bb5+ 22. Kg1 e4 23. Ne5 Nxe5 24. Bxe5 e3 25. Bxc3 Bc6 26. g3 e2 27. Re1 Rd1 28. f3 Bxf3 29. h4 Bxh1 30. Kxh1 Rxg3 31. Bb4 Rxe1+ 32. Bxe1 Rf3 0-1

[Event "Madrid San Viator op-A 30th"]
[Site "Madrid"]
[Date "2018.04.22"]
[Round "3"]
[White "Alvarez Poves, Jesus"]
[Black "Unciti Juan, Javier"]
[Result "1/2-1/2"]
[WhiteElo "1755"]
[BlackElo "1970"]
[PlyCount "59"]
[EventDate "2018.04.08"]
[EventType "swiss"]
[EventRounds "9"]
[EventCountry "ESP"]
[SourceTitle "EXT 2019"]
[Source "ChessBase"]
[SourceDate "2018.10.10"]
[SourceVersion "1"]
[SourceVersionDate "2018.10.10"]
[SourceQuality "1"]

1. d4 e6 2. c4 Nf6 3. Nc3 d5 4. Nf3 Be7 5. g3 0-0 6. Bg2 b6 7. cxd5 exd5 8. Qc2 Bb7 9. 0-0 c5 10. dxc5 bxc5 11. Rd1 Nbd7 12. Bg5 d4 13. Bxf6 Bxf6 14. Ne4 Qe7 15. Nfd2 Be5 16. Nc4 Bb8 17. Rac1 f5 18. Ned2 Bxg2 19. Kxg2 Nf6 20. e3 Qb7+ 21. Kg1 dxe3 22. Nxe3 Be5 23. Qxc5 Nd7 24. Qc6 Qxc6 25. Rxc6 Bxb2 26. Ndc4 Ne5 27. Nxe5 Bxe5 28. Rd7 f4 29. Nc4 Ba1 30. Rcc7 1/2-1/2

[Event "Madrid-chT 1718"]
[Site "Madrid"]
[Date "2018.02.18"]
[Round "10.46"]
[White "Pascual Palomo, Lucia"]
[Black "Unciti Juan, Javier"]
[Result "1-0"]
[WhiteElo "2101"]
[BlackElo "2018"]
[PlyCount "114"]
[EventDate "2017.11.19"]
[EventType "team-tourn"]
[EventRounds "14"]
[EventCountry "ESP"]
[SourceTitle "EXT 2019"]
[Source "ChessBase"]
[SourceDate "2018.10.10"]
[SourceVersion "1"]
[SourceVersionDate "2018.10.10"]
[SourceQuality "1"]
[WhiteTeam "Villalba 64"]
[BlackTeam "La Casa del Ajedrez"]
[WhiteTeamCountry "ESP"]
[BlackTeamCountry "ESP"]

1. e4 e6 2. d4 d5 3. exd5 exd5 4. Nc3 Nf6 5. Bd3 Nc6 6. Nge2 Nb4 7. Bg5 Be7 8. f3 0-0 9. Qd2 Nxd3+ 10. Qxd3 c6 11. 0-0-0 b5 12. h4 b4 13. Nb1 Qa5 14. Qe3 Qc7 15. h5 Ba6 16. Rde1 Rfe8 17. Qd2 Rac8 18. g4 Bd6 19. h6 Bxe2 20. Rxe2 Rxe2 21. Qxe2 Bf4+ 22. Bxf4 Qxf4+ 23. Nd2 Re8 24. Qa6 Qe3 25. Qf1 gxh6 26. b3 Qxd4 27. Rxh6 Qa1+ 28. Nb1 Qe5 29. Rh1 c5 30. Qb5 Qd4 31. g5 Qf4+ 32. Nd2 Qxg5 33. Qxc5 Qf4 34. Qxa7 Qe3 35. Qc7 Qe5 36. Qb6 Rb8 37. Rg1+ Kf8 38. Qc5+ Qe7 39. Qd4 Rc8 40. Kd1 Re8 41. Kc1 Rc8 42. f4 Qc5 43. Qxc5+ Rxc5 44. Nf3 h5 45. Ne5 d4 46. Nd3 Rf5 47. Kd1 Nd5 48. Kd2 Ke7 49. Rf1 f6 50. Ke2 h4 51. Kf3 Rh5 52. Rh1 f5 53. Ne5 Kd6 54. Nd3 Kc6 55. Rg1 Kb5 56. Rg5 Nf6 57. Nf2 Kc6 1-0

[Event "Collado Villalba op-A 34th"]
[Site "Collado Villalba"]
[Date "2017.08.25"]
[Round "4"]
[White "Unciti Juan, Javier"]
[Black "Hernando Pertierra, Jose Carlos"]
[Result "0-1"]
[WhiteElo "2040"]
[BlackElo "2348"]
[PlyCount "120"]
[EventDate "2017.08.22"]
[EventType "swiss"]
[EventRounds "9"]
[EventCountry "ESP"]
[SourceTitle "CBM 180 Extra"]
[Source "ChessBase"]
[SourceDate "2017.10.06"]
[SourceVersion "1"]
[SourceVersionDate "2017.10.06"]
[SourceQuality "1"]

1. e4 g6 2. d4 Bg7 3. Nc3 c6 4. Be3 d5 5. f3 Qb6 6. Qd2 Qxb2 7. Rb1 Qa3 8. exd5 a6 9. Bc4 Nf6 10. dxc6 Nxc6 11. Nge2 0-0 12. 0-0 b5 13. Bd3 Bb7 14. Ne4 Nxe4 15. fxe4 Rad8 16. c3 Rd7 17. Rb3 Qa5 18. Rb2 Rfd8 19. Bh6 Qa3 20. Bxg7 Kxg7 21. Rb3 Qa5 22. Qf4 f6 23. e5 Rf8 24. Ng3 Nxe5 25. Bb1 Qb6 26. Kh1 Nf7 27. Qg4 Rd5 28. a4 Rg5 29. Qe2 Qc7 30. axb5 axb5 31. Be4 Bc8 32. Bd3 Nd6 33. Ne4 Nxe4 34. Bxe4 Be6 35. Ra3 Bc4 36. Bd3 Bd5 37. Be4 Rh5 38. h3 Rb8 39. Bxd5 Rxd5 40. Re1 Rb7 41. Qe4 Qc4 42. Ra8 Rdd7 43. Re3 b4 44. Ra4 Qf1+ 45. Kh2 b3 46. Re1 Qf2 47. Re2 Qf1 48. Re1 Qf5 49. Qxf5 gxf5 50. Rb1 f4 51. Kg1 b2 52. Rb4 Rbc7 53. R1xb2 Rxc3 54. Rd2 Kg6 55. Kf2 e5 56. Ke2 Rg3 57. Ke1 Kf5 58. d5 Rc3 59. Rb6 Rc5 60. d6 Ke6 0-1

[Event "Collado Villalba op-A 34th"]
[Site "Collado Villalba"]
[Date "2017.08.23"]
[Round "2"]
[White "Unciti Juan, Javier"]
[Black "Moreno Ruiz, Javier"]
[Result "0-1"]
[WhiteElo "2040"]
[BlackElo "2460"]
[PlyCount "58"]
[EventDate "2017.08.22"]
[EventType "swiss"]
[EventRounds "9"]
[EventCountry "ESP"]
[SourceTitle "CBM 180 Extra"]
[Source "ChessBase"]
[SourceDate "2017.10.06"]
[SourceVersion "1"]
[SourceVersionDate "2017.10.06"]
[SourceQuality "1"]

1. e4 c5 2. b4 cxb4 3. a3 e5 4. Nf3 Nc6 5. Bc4 Nf6 6. d3 Be7 7. axb4 Bxb4+ 8. c3 Be7 9. Qb3 0-0 10. Ng5 Qe8 11. f4 exf4 12. Bxf4 d5 13. Bxd5 Nxd5 14. Qxd5 h6 15. Nf3 Be6 16. Qb5 f5 17. e5 Rd8 18. d4 Nxd4 19. Nxd4 Rxd4 20. Qxe8 Re4+ 21. Be3 Rxe8 22. Kf2 Rxe5 23. Bd4 Rb5 24. Re1 Rb2+ 25. Kg1 Bd5 26. c4 Rxg2+ 27. Kf1 Bc6 28. Ra5 Rg4 29. Bxa7 Bg2+ 0-1

[Event "Madrid San Viator op-A 28th"]
[Site "Madrid"]
[Date "2017.05.21"]
[Round "7"]
[White "Unciti Juan, Javier"]
[Black "Pascual Delgado, Guillermo"]
[Result "1/2-1/2"]
[WhiteElo "1998"]
[BlackElo "1915"]
[PlyCount "48"]
[EventDate "2017.03.26"]
[EventType "swiss"]
[EventRounds "9"]
[EventCountry "ESP"]
[SourceTitle "EXT 2018"]
[Source "ChessBase"]
[SourceDate "2017.10.13"]
[SourceVersion "1"]
[SourceVersionDate "2017.10.13"]
[SourceQuality "1"]

1. e4 c5 2. b4 cxb4 3. a3 d5 4. exd5 Qxd5 5. Nf3 e5 6. Bb2 Nc6 7. c4 Qe6 8. Bd3 Bd6 9. 0-0 Nf6 10. Re1 0-0 11. axb4 Nxb4 12. Bf1 e4 13. d3 Qd7 14. dxe4 Nxe4 15. Na3 f5 16. Nb5 Bc5 17. Bd4 Qe7 18. Rc1 b6 19. Nc3 Bb7 20. Nd5 Qd6 21. Bxc5 Qxc5 22. Nd4 Rae8 23. Nxb4 Qxb4 24. f3 Nf6 1/2-1/2

[Event "Madrid San Viator op-A 27th"]
[Site "Madrid"]
[Date "2016.10.12"]
[Round "4"]
[White "Sotoca Aguado, Jose"]
[Black "Unciti Juan, Javier"]
[Result "1/2-1/2"]
[WhiteElo "1900"]
[BlackElo "2110"]
[PlyCount "93"]
[EventDate "2016.09.25"]
[EventType "swiss"]
[EventRounds "9"]
[EventCountry "ESP"]
[SourceTitle "EXT 2017"]
[Source "ChessBase"]
[SourceDate "2016.10.25"]
[SourceVersion "1"]
[SourceVersionDate "2016.10.25"]
[SourceQuality "1"]

1. e4 e6 2. d4 d5 3. Nc3 Bb4 4. e5 b6 5. Qg4 Bf8 6. Be3 Qd7 7. Bd3 Ba6 8. Bxa6 Nxa6 9. Nge2 Nb4 10. Rc1 c5 11. 0-0 Nc6 12. f4 Nh6 13. Qh3 Nf5 14. Bf2 cxd4 15. Nb5 Nxe5 16. Nbxd4 Nxd4 17. Nxd4 Nc6 18. f5 Nxd4 19. Bxd4 0-0-0 20. Rf3 Bd6 21. c4 e5 22. c5 exd4 23. cxd6+ Kb8 24. Rc7 Qxd6 25. Rxf7 Rd7 26. Rxd7 Qxd7 27. Qg4 Re8 28. Qxd4 Re4 29. Qc3 Qe7 30. f6 gxf6 31. Rxf6 Qc5+ 32. Qxc5 bxc5 33. Kf2 Kc7 34. Rf7+ Kc6 35. Rxa7 d4 36. Rxh7 d3 37. Rh3 c4 38. Re3 Rf4+ 39. Ke1 Kc5 40. g3 Rf7 41. Re8 Rb7 42. Rc8+ Kd5 43. Rd8+ Ke4 44. Re8+ Kd5 45. Rd8+ Kc5 46. Rc8+ Kd5 47. Rd8+ 1/2-1/2